Tập bài hát 3
Sách gồm 11 bài hát phù hợp với lứa tuổi thiếu nhi và một sổ bài hát bổ sung, giúp các em nâng cao kỹ năng âm nhạc.
Gorde:
| Egile nagusia: | |
|---|---|
| Formatua: | Liburua |
| Hizkuntza: | Undetermined |
| Argitaratua: |
Hà Nội
Giáo dục
2010
|
| Gaiak: | |
| Etiketak: |
Etiketa erantsi
Etiketarik gabe, Izan zaitez lehena erregistro honi etiketa jartzen!
|
| Thư viện lưu trữ: | Trung tâm Học liệu Trường Đại học Cần Thơ |
|---|
| LEADER | 00754nam a2200217Ia 4500 | ||
|---|---|---|---|
| 001 | CTU_158020 | ||
| 008 | 210402s9999 xx 000 0 und d | ||
| 020 | |c 2300 | ||
| 082 | |a 372.87 | ||
| 082 | |b L431/L.3 | ||
| 100 | |a Hoàng, Long | ||
| 245 | 0 | |a Tập bài hát 3 | |
| 245 | 0 | |c Hoàng Long chủ biên | |
| 260 | |a Hà Nội | ||
| 260 | |b Giáo dục | ||
| 260 | |c 2010 | ||
| 520 | |a Sách gồm 11 bài hát phù hợp với lứa tuổi thiếu nhi và một sổ bài hát bổ sung, giúp các em nâng cao kỹ năng âm nhạc. | ||
| 650 | |a Music | ||
| 650 | |x Study and teaching (Elementary) | ||
| 904 | |i Phan Thị Kim Lan (Bé Ba) | ||
| 980 | |a Trung tâm Học liệu Trường Đại học Cần Thơ | ||